00345 a2200145 4500001000700000040002200007041001600029082002400045100002200069245004000091250001100131260003400142362001300176490001000189144268 cLeonardo Da Vinci aPortuguês a325.21 G113cbG113c aGABEIRA, Fernando aO crepúsculo do machobdepoimento a16. ed bCODECRIc1981aRio de Janeiro a19810000 av. 82